<?xml version="1.0" encoding="UTF-8"?>
<marc:record xmlns:marc="http://www.loc.gov/MARC21/slim">
   <marc:leader>00000nam a2200000 a 4500</marc:leader>
   <marc:datafield ind1="1" ind2=" " tag="100">
      <marc:subfield code="a">McKay, Matthew</marc:subfield>
      <marc:subfield code="4">aut</marc:subfield>
      <marc:subfield code="e">Verfasser/-in</marc:subfield>
   </marc:datafield>
   <marc:datafield ind1="1" ind2=" " tag="100">
      <marc:subfield code="a">Davis, Martha</marc:subfield>
      <marc:subfield code="4">aut</marc:subfield>
      <marc:subfield code="e">Verfasser/-in</marc:subfield>
   </marc:datafield>
   <marc:datafield ind1="1" ind2=" " tag="100">
      <marc:subfield code="a">Fanning, Patrick</marc:subfield>
      <marc:subfield code="4">aut</marc:subfield>
      <marc:subfield code="e">Verfasser/-in</marc:subfield>
   </marc:datafield>
   <marc:datafield ind1="1" ind2=" " tag="100">
      <marc:subfield code="a">McKay, Matthew</marc:subfield>
   </marc:datafield>
   <marc:datafield ind1=" " ind2=" " tag="653">
      <marc:subfield code="a">Kognitive Verhaltenstherapie</marc:subfield>
   </marc:datafield>
   <marc:datafield ind1=" " ind2=" " tag="653">
      <marc:subfield code="a">Ratgeber</marc:subfield>
   </marc:datafield>
   <marc:datafield ind1="0" ind2="0" tag="245">
      <marc:subfield code="a">Gedanken und Gefühle</marc:subfield>
   </marc:datafield>
   <marc:datafield ind1="0" ind2="0" tag="245">
      <marc:subfield code="b">ein Arbeitsbuch ; wie Sie auf Ihre Stimmungen einwirken können ; [Techniken der kognitiven Verhaltenstherapie</marc:subfield>
   </marc:datafield>
   <marc:datafield ind1="0" ind2="0" tag="245">
      <marc:subfield code="c">Matthew McKay ; Martha Davis ; Patrick Fanning. Aus dem Engl. von Theo Kierdorf und Hildegard Höhr</marc:subfield>
   </marc:datafield>
   <marc:datafield ind1=" " ind2="1" tag="264">
      <marc:subfield code="a">Paderborn</marc:subfield>
      <marc:subfield code="b">Junfermann</marc:subfield>
      <marc:subfield code="c">2009</marc:subfield>
   </marc:datafield>
   <marc:datafield ind1="1" ind2=" " tag="490">
      <marc:subfield code="a">Reihe Aktive Lebensgestaltung : Verhaltenstherapie</marc:subfield>
   </marc:datafield>
   <marc:datafield ind1="1" ind2=" " tag="520">
      <marc:subfield code="a">Angaben aus der Verlagsmeldung

Gedanken und Gefühle – ein Arbeitsbuch : Wie Sie auf Ihre Stimmungen einwirken können. Techniken der kognitiven Verhaltenstherapie Thoughts and Feelings / von Matthew McKay, Martha Davis, Patrick Fanning

Viele Selbsthilfebücher konzentrieren sich auf ein einziges Thema – ein Problem, eine Störung oder ein das Leben veränderndes Ziel. Doch nur selten lassen sich menschliche Probleme auf ein einziges klar umrissenes Gebiet eingrenzen. Wer beispielsweise depressiv ist, kann gleichzeitig ängstlich sein oder zu Wutausbrüchen neigen.

Deshalb verfolgt „Gedanken und Gefühle“ einen umfassenderen, flexibleren Ansatz, der realen Problemen besser gerecht wird. Die hochwirksamen Techniken der kognitiven Verhaltenstherapie können als eine Art Werkzeugkasten genutzt werden, um nicht nur ein einzelnes Problem zu lösen, sondern um die meisten emotionalen und verhaltensbasierten Schwierigkeiten zu überwinden. So kann es gelingen, auf dauerhafte positive Veränderungen in allen Lebensbereichen hinzuarbeiten.

„Das Buch beschreibt eine Fülle systematischer Strategien für die Behandlung verschiedenster psychischer Probleme. Sehr verständlich geschrieben und nützlich – sowohl für Fachleute als auch für Patienten.“ – Aaron T. Beck
</marc:subfield>
   </marc:datafield>
   <marc:datafield ind1=" " ind2=" " tag="020">
      <marc:subfield code="a">9783873877108</marc:subfield>
      <marc:subfield code="9">9783873877108</marc:subfield>
   </marc:datafield>
   <marc:datafield ind1=" " ind2=" " tag="041">
      <marc:subfield code="a">ger</marc:subfield>
   </marc:datafield>
   <marc:datafield ind1=" " ind2=" " tag="300">
      <marc:subfield code="a">336 S.</marc:subfield>
   </marc:datafield>
</marc:record>
